[Event "euyr2018"]
[Site "?"]
[Date "2018.05.27"]
[Round "9.12"]
[White "Lukac, Jakub"]
[Black "Zahorcek, Jakub"]
[Result "0-1"]
[BlackElo "1548"]
[WhiteElo "1309"]
[LiveChessVersion "1.4.8"]

1. e4 {[%clk 0:20:14]} e6 {[%clk 0:20:18]} 2. Nc3 {[%clk 0:19:45]} d5
{[%clk 0:20:19]} 3. d3 {[%clk 0:19:53]} Nf6 {[%clk 0:20:24]} 4. Be2
{[%clk 0:19:51]} c5 {[%clk 0:19:49]} 5. Nf3 {[%clk 0:19:45]} Nc6 {[%clk 0:19:51]}
6. Bg5 {[%clk 0:19:49]} Be7 {[%clk 0:20:00]} 7. O-O {[%clk 0:19:35]} O-O
{[%clk 0:20:07]} 8. a3 {[%clk 0:19:34]} b6 {[%clk 0:19:43]} 9. Re1
{[%clk 0:18:45]} Bb7 {[%clk 0:19:44]} 10. Bf1 {[%clk 0:18:39]} h6
{[%clk 0:19:42]} 11. Bd2 {[%clk 0:18:43]} dxe4 {[%clk 0:19:22]} 12. Nxe4
{[%clk 0:18:35]} Nd4 {[%clk 0:19:23]} 13. Nxd4 {[%clk 0:18:17]} Qxd4
{[%clk 0:19:26]} 14. Bc3 {[%clk 0:18:19]} Qd8 {[%clk 0:19:35]} 15. Qf3
{[%clk 0:17:45]} Nxe4 {[%clk 0:17:05]} 16. dxe4 {[%clk 0:17:48]} Qc7
{[%clk 0:16:24]} 17. Bd3 {[%clk 0:17:30]} Bd6 {[%clk 0:15:49]} 18. h3
{[%clk 0:16:54]} Be5 {[%clk 0:15:58]} 19. Bxe5 {[%clk 0:16:53]} Qxe5
{[%clk 0:16:07]} 20. Rab1 {[%clk 0:17:02]} Rfd8 {[%clk 0:15:54]} 21. Qg4
{[%clk 0:15:39]} Rac8 {[%clk 0:15:29]} 22. Qe2 {[%clk 0:12:36]} Rd7
{[%clk 0:14:37]} 23. Ba6 {[%clk 0:12:16]} Bxa6 {[%clk 0:14:30]} 24. Qxa6
{[%clk 0:12:23]} Rcd8 {[%clk 0:14:39]} 25. c3 {[%clk 0:11:28]} Qc7
{[%clk 0:14:33]} 26. Qe2 {[%clk 0:11:03]} Rd2 {[%clk 0:14:38]} 27. Qf3
{[%clk 0:11:11]} R8d3 {[%clk 0:14:35]} 28. Qg4 {[%clk 0:11:02]} c4
{[%clk 0:13:25]} 29. Red1 {[%clk 0:10:42]} Qc5 {[%clk 0:13:19]} 30. Rxd2
{[%clk 0:10:34]} Rxd2 {[%clk 0:13:28]} 31. Qf3 {[%clk 0:10:42]} Qb5
{[%clk 0:12:30]} 32. Rd1 {[%clk 0:09:01]} Qxb2 {[%clk 0:12:18]} 33. Rxd2
{[%clk 0:09:06]} Qxd2 {[%clk 0:12:26]} 34. e5 {[%clk 0:09:13]} Qe1+
{[%clk 0:12:12]} 35. Kh2 {[%clk 0:09:12]} Qxe5+ {[%clk 0:12:21]} 36. g3
{[%clk 0:09:21]} Qd5 {[%clk 0:12:17]} 37. Qxd5 {[%clk 0:09:24]} exd5
{[%clk 0:12:26]} 38. Kg2 {[%clk 0:09:33]} Kf8 {[%clk 0:12:35]} 39. Kf3
{[%clk 0:09:42]} Ke7 {[%clk 0:12:45]} 40. Ke3 {[%clk 0:09:51]} Kd7
{[%clk 0:12:49]} 41. Kd4 {[%clk 0:10:01]} Kd6 {[%clk 0:12:58]} 42. f4
{[%clk 0:10:06]} f6 {[%clk 0:12:59]} 0-1

[Event "euyr2018"]
[Site "?"]
[Date "2018.05.27"]
[Round "9.13"]
[White "Persanyi, Barnabas"]
[Black "Jares, Michal"]
[Result "1-0"]
[BlackElo "1767"]
[WhiteElo "2049"]
[LiveChessVersion "1.4.8"]

1. e4 {[%clk 0:20:17]} c5 {[%clk 0:20:19]} 2. Nf3 {[%clk 0:20:25]} d6
{[%clk 0:20:27]} 3. Bb5+ {[%clk 0:20:33]} Bd7 {[%clk 0:20:35]} 4. Bxd7+
{[%clk 0:20:42]} Nxd7 {[%clk 0:20:42]} 5. c4 {[%clk 0:20:45]} Ngf6
{[%clk 0:20:47]} 6. Nc3 {[%clk 0:20:52]} g6 {[%clk 0:20:55]} 7. d4
{[%clk 0:20:34]} cxd4 {[%clk 0:21:01]} 8. Nxd4 {[%clk 0:20:42]} Bg7
{[%clk 0:21:02]} 9. Be3 {[%clk 0:20:41]} O-O {[%clk 0:21:06]} 10. f3
{[%clk 0:20:40]} Ne5 {[%clk 0:20:57]} 11. b3 {[%clk 0:20:46]} Rc8
{[%clk 0:20:55]} 12. O-O {[%clk 0:20:42]} a6 {[%clk 0:20:42]} 13. Qd2
{[%clk 0:20:22]} Qc7 {[%clk 0:19:45]} 14. Rac1 {[%clk 0:20:00]} Qb8
{[%clk 0:18:04]} 15. Rfd1 {[%clk 0:18:38]} Rc7 {[%clk 0:16:15]} 16. Bg5
{[%clk 0:17:37]} e6 {[%clk 0:14:37]} 17. Be3 {[%clk 0:15:22]} Rd8
{[%clk 0:13:06]} 18. Qf2 {[%clk 0:14:22]} Rcd7 {[%clk 0:12:14]} 19. h3
{[%clk 0:14:21]} Nc6 {[%clk 0:11:14]} 20. a4 {[%clk 0:12:59]} Na5
{[%clk 0:08:35]} 21. Rb1 {[%clk 0:11:11]} d5 {[%clk 0:06:50]} 22. exd5
{[%clk 0:11:09]} exd5 {[%clk 0:06:48]} 23. c5 {[%clk 0:11:12]} Qc7
{[%clk 0:05:38]} 24. Nce2 {[%clk 0:09:21]} Re8 {[%clk 0:04:02]} 25. Bf4
{[%clk 0:08:49]} Qc8 {[%clk 0:03:25]} 26. Rbc1 {[%clk 0:07:59]} Nc6
{[%clk 0:02:20]} 27. Kf1 {[%clk 0:07:21]} Nh5 {[%clk 0:01:40]} 28. Bd6
{[%clk 0:07:15]} Nxd4 {[%clk 0:01:08]} 29. Nxd4 {[%clk 0:07:21]} Bh6
{[%clk 0:00:52]} 30. f4 {[%clk 0:07:04]} Nf6 {[%clk 0:00:40]} 31. Qh4
{[%clk 0:06:52]} Bg7 {[%clk 0:00:36]} 32. Be5 {[%clk 0:06:51]} Ne4
{[%clk 0:00:27]} 33. Bxg7 {[%clk 0:06:57]} Kxg7 {[%clk 0:00:34]} 34. Kg1
{[%clk 0:06:30]} Rde7 {[%clk 0:00:30]} 35. Nf3 {[%clk 0:06:13]} Nf6
{[%clk 0:00:21]} 36. Ne5 {[%clk 0:06:09]} h6 {[%clk 0:00:18]} 37. Qf2
{[%clk 0:05:57]} Qf5 {[%clk 0:00:16]} 38. Qd4 {[%clk 0:05:52]} Qe4
{[%clk 0:00:18]} 39. Qxe4 {[%clk 0:05:50]} dxe4 {[%clk 0:00:21]} 40. Kf2
{[%clk 0:05:17]} Nh5 {[%clk 0:00:22]} 41. Ke3 {[%clk 0:05:26]} Ng3
{[%clk 0:00:18]} 42. b4 {[%clk 0:05:13]} Nf5+ {[%clk 0:00:22]} 43. Ke2
{[%clk 0:05:19]} f6 {[%clk 0:00:22]} 44. Ng4 {[%clk 0:05:23]} h5 {[%clk 0:00:21]}
45. Ne3 {[%clk 0:05:31]} Nxe3 {[%clk 0:00:20]} 46. Kxe3 {[%clk 0:05:40]} f5
{[%clk 0:00:22]} 47. Rd6 {[%clk 0:05:42]} Re6 {[%clk 0:00:18]} 48. Rcd1
{[%clk 0:05:34]} Rxd6 {[%clk 0:00:20]} 49. Rxd6 {[%clk 0:05:42]} Re7
{[%clk 0:00:23]} 50. Rd4 {[%clk 0:05:21]} Rc7 {[%clk 0:00:25]} 51. a5
{[%clk 0:05:24]} Kf7 {[%clk 0:00:27]} 52. g4 {[%clk 0:05:33]} hxg4
{[%clk 0:00:30]} 53. hxg4 {[%clk 0:05:42]} Ke6 {[%clk 0:00:22]} 54. Rd6+
{[%clk 0:05:45]} Kf7 {[%clk 0:00:28]} 55. gxf5 {[%clk 0:04:58]} gxf5
{[%clk 0:00:36]} 56. Ke2 {[%clk 0:04:25]} Kg7 {[%clk 0:00:26]} 57. Rb6
{[%clk 0:04:20]} Kf7 {[%clk 0:00:23]} 58. Ke3 {[%clk 0:03:56]} Kg7
{[%clk 0:00:20]} 59. c6 {[%clk 0:04:02]} Rxc6 {[%clk 0:00:18]} 60. Rxb7+
{[%clk 0:04:11]} Kf8 {[%clk 0:00:21]} 61. Rb6 {[%clk 0:04:11]} Rc4
{[%clk 0:00:17]} 62. Rxa6 {[%clk 0:03:58]} Rxb4 {[%clk 0:00:22]} 63. Rf6+
{[%clk 0:04:07]} Ke7 {[%clk 0:00:22]} 64. Rxf5 {[%clk 0:04:15]} Ra4
{[%clk 0:00:21]} 65. Re5+ {[%clk 0:04:13]} Kf6 {[%clk 0:00:20]} 66. Rb5
{[%clk 0:03:15]} Ke6 {[%clk 0:00:17]} 67. f5+ {[%clk 0:03:17]} Kf6
{[%clk 0:00:16]} 68. Kf4 {[%clk 0:03:26]} Rc4 {[%clk 0:00:14]} 69. Rb6+
{[%clk 0:03:26]} Kf7 {[%clk 0:00:16]} 70. a6 {[%clk 0:03:35]} Ra4
{[%clk 0:00:17]} 71. Rb7+ Kf6 72. Rb6+ {[%clk 0:03:03]} Kf7 {[%clk 0:00:20]} 73.
Rg6 {[%clk 0:02:41]} Ke7 {[%clk 0:00:18]} 74. Re6+ {[%clk 0:02:09]} Kd7
{[%clk 0:00:15]} 75. Kg5 {[%clk 0:02:03]} Ra1 {[%clk 0:00:14]} 76. Kg6
{[%clk 0:01:52]} e3 {[%clk 0:00:14]} 77. Rxe3 {[%clk 0:02:01]} Rxa6+
{[%clk 0:00:21]} 78. f6 {[%clk 0:02:09]} Ra1 {[%clk 0:00:19]} 79. Kf7
{[%clk 0:02:18]} Kd6 {[%clk 0:00:20]} 80. Kg7 {[%clk 0:02:22]} Rg1+
{[%clk 0:00:24]} 81. Kf8 {[%clk 0:02:31]} Rg6 {[%clk 0:00:16]} 82. f7
{[%clk 0:02:38]} Rg1 {[%clk 0:00:22]} 83. Ke8 {[%clk 0:02:45]} 1-0

[Event "euyr2018"]
[Site "?"]
[Date "2018.05.27"]
[Round "9.14"]
[White "Gyerpal, Adrian"]
[Black "Malyovanyi, Yulian"]
[Result "0-1"]
[BlackElo "1972"]
[WhiteElo "1733"]
[LiveChessVersion "1.4.8"]

1. d4 {[%clk 0:20:18]} Nf6 {[%clk 0:20:19]} 2. c4 {[%clk 0:20:26]} g6
{[%clk 0:20:28]} 3. Nf3 {[%clk 0:20:34]} Bg7 {[%clk 0:20:37]} 4. g3
{[%clk 0:20:39]} O-O {[%clk 0:20:44]} 5. Bg2 {[%clk 0:20:47]} d6 {[%clk 0:20:53]}
6. O-O {[%clk 0:20:52]} Nc6 {[%clk 0:21:02]} 7. Nc3 {[%clk 0:20:41]} a6
{[%clk 0:21:11]} 8. b3 {[%clk 0:20:22]} Bd7 {[%clk 0:20:20]} 9. Bb2
{[%clk 0:20:18]} Na5 {[%clk 0:20:24]} 10. Re1 {[%clk 0:20:00]} c5
{[%clk 0:20:22]} 11. dxc5 {[%clk 0:18:45]} dxc5 {[%clk 0:20:31]} 12. Nd5
{[%clk 0:17:37]} Nxd5 {[%clk 0:19:38]} 13. Bxg7 {[%clk 0:17:45]} Kxg7
{[%clk 0:14:08]} 14. Qxd5 {[%clk 0:17:40]} Qc7 {[%clk 0:13:13]} 15. Qe5+
{[%clk 0:15:08]} Qxe5 {[%clk 0:13:20]} 16. Nxe5 {[%clk 0:15:18]} Rfd8
{[%clk 0:13:14]} 17. Nd3 {[%clk 0:12:10]} Rac8 {[%clk 0:13:15]} 18. Rad1
{[%clk 0:12:01]} b5 {[%clk 0:10:39]} 19. cxb5 {[%clk 0:11:18]} Bxb5
{[%clk 0:08:42]} 20. Bf1 {[%clk 0:10:08]} c4 {[%clk 0:08:26]} 21. bxc4
{[%clk 0:09:50]} Bxc4 {[%clk 0:08:26]} 22. Nb4 {[%clk 0:09:16]} Rxd1
{[%clk 0:08:09]} 23. Rxd1 {[%clk 0:09:25]} Rb8 {[%clk 0:06:16]} 24. a3
{[%clk 0:09:23]} Bb5 {[%clk 0:01:26]} 25. e3 {[%clk 0:08:27]} Bxf1
{[%clk 0:00:51]} 26. Kxf1 {[%clk 0:08:30]} Nc4 {[%clk 0:00:41]} 27. Nxa6
{[%clk 0:07:52]} Rb6 {[%clk 0:00:23]} 28. Nb4 {[%clk 0:07:27]} Nxa3
{[%clk 0:00:30]} 29. Nd5 {[%clk 0:07:25]} Rb7 {[%clk 0:00:40]} 30. Kg2
{[%clk 0:06:57]} Nc4 {[%clk 0:00:48]} 31. Rc1 {[%clk 0:05:29]} Ne5
{[%clk 0:00:20]} 32. Rc2 {[%clk 0:04:33]} e6 {[%clk 0:00:28]} 33. Nf4
{[%clk 0:04:26]} h6 {[%clk 0:00:24]} 34. Ne2 {[%clk 0:04:12]} g5 {[%clk 0:00:29]}
35. Nd4 {[%clk 0:03:15]} g4 {[%clk 0:00:17]} 36. h4 {[%clk 0:02:49]} Kf6
{[%clk 0:00:15]} 37. Ra2 {[%clk 0:02:21]} Rd7 {[%clk 0:00:15]} 38. Rc2
{[%clk 0:02:23]} Rb7 {[%clk 0:00:22]} 39. Ra2 {[%clk 0:02:31]} Nd3
{[%clk 0:00:19]} 40. Rd2 {[%clk 0:01:52]} Ne5 {[%clk 0:00:18]} 41. Rc2
{[%clk 0:01:57]} Rb6 {[%clk 0:00:24]} 42. Rd2 {[%clk 0:01:57]} Rb7
{[%clk 0:00:32]} 43. Rc2 {[%clk 0:02:05]} Rb6 {[%clk 0:00:41]} 44. Rd2
{[%clk 0:02:14]} Rb1 {[%clk 0:00:29]} 45. Kh2 {[%clk 0:01:43]} Ra1
{[%clk 0:00:22]} 46. Kg2 {[%clk 0:01:51]} Rb1 {[%clk 0:00:30]} 47. Kh2
{[%clk 0:01:59]} Re1 {[%clk 0:00:37]} 48. Kg2 {[%clk 0:01:55]} Rb1
{[%clk 0:00:45]} 49. Kh2 {[%clk 0:01:45]} h5 {[%clk 0:00:31]} 50. Kg2
{[%clk 0:01:54]} Ra1 {[%clk 0:00:39]} 51. Kh2 {[%clk 0:02:01]} Rb1
{[%clk 0:00:44]} 52. Kg2 {[%clk 0:02:05]} Re1 {[%clk 0:00:48]} 53. Kh2
{[%clk 0:01:54]} Nf3+ {[%clk 0:00:15]} 54. Nxf3 {[%clk 0:02:02]} gxf3
{[%clk 0:00:25]} 55. Rd8 {[%clk 0:01:49]} Rf1 {[%clk 0:00:29]} 56. Rd2
{[%clk 0:01:58]} Kf5 {[%clk 0:00:35]} 57. Ra2 {[%clk 0:01:51]} e5
{[%clk 0:00:35]} 58. Rd2 {[%clk 0:01:59]} Ke4 {[%clk 0:00:42]} 59. Ra2
{[%clk 0:02:05]} Re1 {[%clk 0:00:20]} 60. Ra3 {[%clk 0:02:13]} Rf1
{[%clk 0:00:20]} 61. Ra2 {[%clk 0:02:22]} f6 {[%clk 0:00:28]} 62. Ra4+
{[%clk 0:01:56]} Kd3 {[%clk 0:00:35]} 63. Ra3+ {[%clk 0:02:01]} Ke2
{[%clk 0:00:22]} 64. Ra2+ {[%clk 0:01:13]} Ke1 {[%clk 0:00:28]} 65. Ra1+
{[%clk 0:00:49]} Kxf2 {[%clk 0:00:36]} 66. Ra6 {[%clk 0:00:58]} Kxe3
{[%clk 0:00:31]} 67. Rxf6 {[%clk 0:01:07]} f2 {[%clk 0:00:37]} 68. Ra6
{[%clk 0:00:55]} Rh1+ {[%clk 0:00:45]} 69. Kxh1 {[%clk 0:01:00]} f1=Q+
{[%clk 0:00:54]} 0-1

[Event "euyr2018"]
[Site "?"]
[Date "2018.05.27"]
[Round "9.15"]
[White "Pribyl, Viktor"]
[Black "Bochnicka, Vladimir"]
[Result "0-1"]
[BlackElo "1799"]
[WhiteElo "1908"]
[LiveChessVersion "1.4.8"]

1. e4 {[%clk 0:20:19]} c5 {[%clk 0:20:20]} 2. Nf3 {[%clk 0:20:28]} Nc6
{[%clk 0:20:29]} 3. Bb5 {[%clk 0:20:37]} e6 {[%clk 0:20:37]} 4. O-O
{[%clk 0:20:45]} Nge7 {[%clk 0:20:46]} 5. Re1 {[%clk 0:20:54]} a6
{[%clk 0:20:56]} 6. Bf1 {[%clk 0:21:03]} Ng6 {[%clk 0:20:16]} 7. c3
{[%clk 0:21:05]} Be7 {[%clk 0:20:20]} 8. d4 {[%clk 0:21:14]} cxd4
{[%clk 0:20:27]} 9. cxd4 {[%clk 0:21:23]} d5 {[%clk 0:20:25]} 10. exd5
{[%clk 0:20:49]} exd5 {[%clk 0:20:34]} 11. Nc3 {[%clk 0:20:45]} O-O
{[%clk 0:20:37]} 12. Qb3 {[%clk 0:20:12]} Be6 {[%clk 0:19:51]} 13. Be3
{[%clk 0:18:41]} Na5 {[%clk 0:17:54]} 14. Qc2 {[%clk 0:18:48]} Rc8
{[%clk 0:18:02]} 15. Rad1 {[%clk 0:18:30]} Nc4 {[%clk 0:18:09]} 16. Bxc4
{[%clk 0:18:35]} Rxc4 {[%clk 0:18:01]} 17. Qd2 {[%clk 0:17:25]} Re8
{[%clk 0:14:22]} 18. Ne5 {[%clk 0:17:17]} Rc8 {[%clk 0:14:26]} 19. a3
{[%clk 0:16:02]} Bf6 {[%clk 0:14:14]} 20. Nxg6 {[%clk 0:15:50]} hxg6
{[%clk 0:14:24]} 21. Bf4 {[%clk 0:15:18]} Qd7 {[%clk 0:14:31]} 22. b4
{[%clk 0:12:50]} b5 {[%clk 0:14:27]} 23. Be5 {[%clk 0:12:13]} Rc4
{[%clk 0:14:08]} 24. Bxf6 {[%clk 0:11:05]} gxf6 {[%clk 0:14:17]} 25. Na2
{[%clk 0:11:00]} Rec8 {[%clk 0:13:55]} 26. Qf4 {[%clk 0:10:58]} Kg7
{[%clk 0:14:03]} 27. Nc1 {[%clk 0:10:58]} Bg4 {[%clk 0:11:47]} 28. f3
{[%clk 0:10:42]} Bf5 {[%clk 0:11:56]} 29. Nd3 {[%clk 0:05:53]} Bxd3
{[%clk 0:11:50]} 30. Rxd3 {[%clk 0:06:01]} Rc3 {[%clk 0:10:26]} 31. Red1
{[%clk 0:06:10]} Qe6 {[%clk 0:09:39]} 32. h3 {[%clk 0:05:16]} Rc2
{[%clk 0:07:45]} 33. Qe3 {[%clk 0:04:08]} Qxe3+ {[%clk 0:07:17]} 34. Rxe3
{[%clk 0:04:17]} Ra2 {[%clk 0:07:26]} 35. g4 {[%clk 0:00:22]} Rcc2
{[%clk 0:07:29]} 36. Red3 {[%clk 0:00:21]} Rg2+ {[%clk 0:07:15]} 37. Kh1
{[%clk 0:00:30]} Rh2+ 38. Kg1 Rxh3 {[%clk 0:07:03]} 39. f4 {[%clk 0:00:37]} Rxa3
{[%clk 0:07:06]} 40. Rxh3 {[%clk 0:00:41]} Rxh3 {[%clk 0:07:15]} 41. Ra1
{[%clk 0:00:45]} Rd3 {[%clk 0:07:15]} 42. Rxa6 {[%clk 0:00:41]} Rxd4
{[%clk 0:07:24]} 43. Rd6 {[%clk 0:00:44]} Rxf4 {[%clk 0:07:31]} 44. Rxd5
{[%clk 0:00:51]} Rxg4+ {[%clk 0:07:40]} 45. Kf2 {[%clk 0:01:01]} Rxb4
{[%clk 0:07:48]} 46. Ke3 {[%clk 0:01:10]} f5 {[%clk 0:07:47]} 47. Kd3
{[%clk 0:01:16]} Kf6 48. Kc3 Re4 {[%clk 0:07:52]} 49. Rxb5 {[%clk 0:01:35]} f4
{[%clk 0:07:56]} 50. Kd3 {[%clk 0:01:43]} Re5 {[%clk 0:07:48]} 51. Rb4 Kf5
{[%clk 0:07:55]} 52. Rb7 {[%clk 0:01:35]} f6 {[%clk 0:07:53]} 53. Rb2
{[%clk 0:01:40]} f3 {[%clk 0:07:55]} 54. Kd2 {[%clk 0:01:24]} Re2+
{[%clk 0:08:03]} 55. Kd1 {[%clk 0:01:16]} Rxb2 {[%clk 0:08:11]} 56. Ke1
{[%clk 0:01:25]} f2+ {[%clk 0:08:18]} 57. Kf1 {[%clk 0:01:35]} Kf4
{[%clk 0:08:25]} 58. Kg2 {[%clk 0:01:44]} Ke3 {[%clk 0:08:34]} 59. Kf1
{[%clk 0:01:54]} Rb1+ {[%clk 0:08:43]} 60. Kg2 {[%clk 0:02:02]} f1=Q+
{[%clk 0:08:52]} 61. Kg3 {[%clk 0:02:11]} Qh1 {[%clk 0:08:53]} 62. Kg4
{[%clk 0:02:19]} Rg1# 0-1

[Event "euyr2018"]
[Site "?"]
[Date "2018.05.27"]
[Round "9.16"]
[White "Jun, Rudolf Jr."]
[Black "Zetocha, Adrian"]
[Result "0-1"]
[BlackElo "1887"]
[WhiteElo "1624"]
[LiveChessVersion "1.4.8"]

1. e4 {[%clk 0:20:17]} d6 {[%clk 0:20:01]} 2. d4 {[%clk 0:20:13]} Nf6
{[%clk 0:20:08]} 3. Bd3 {[%clk 0:19:50]} g6 {[%clk 0:20:08]} 4. b3
{[%clk 0:19:43]} Bg7 {[%clk 0:20:00]} 5. Bb2 {[%clk 0:19:51]} O-O
{[%clk 0:20:05]} 6. Nf3 {[%clk 0:19:38]} Na6 {[%clk 0:18:41]} 7. O-O
{[%clk 0:19:23]} c5 {[%clk 0:18:42]} 8. c3 {[%clk 0:18:09]} cxd4 {[%clk 0:18:30]}
9. cxd4 {[%clk 0:18:09]} Nb4 {[%clk 0:18:35]} 10. h3 {[%clk 0:17:40]} b6
{[%clk 0:17:51]} 11. a3 {[%clk 0:17:16]} Nxd3 {[%clk 0:17:58]} 12. Qxd3
{[%clk 0:17:25]} Bb7 {[%clk 0:17:16]} 13. Nc3 {[%clk 0:17:22]} d5
{[%clk 0:16:59]} 14. e5 {[%clk 0:17:19]} Ne4 {[%clk 0:17:06]} 15. Nd2
{[%clk 0:16:30]} a5 {[%clk 0:17:09]} 16. Rfe1 {[%clk 0:15:05]} Ba6
{[%clk 0:16:49]} 17. Qe3 {[%clk 0:14:40]} Nxc3 {[%clk 0:16:41]} 18. Bxc3
{[%clk 0:14:46]} Re8 {[%clk 0:15:12]} 19. Rac1 {[%clk 0:14:27]} e6
{[%clk 0:14:47]} 20. Nf3 {[%clk 0:14:15]} Rc8 {[%clk 0:14:02]} 21. Bd2
{[%clk 0:13:24]} Qe7 {[%clk 0:14:00]} 22. a4 {[%clk 0:13:32]} Bb7
{[%clk 0:11:32]} 23. Qd3 {[%clk 0:11:39]} Bc6 {[%clk 0:11:21]} 24. Qa6
{[%clk 0:11:38]} Qb7 {[%clk 0:11:30]} 25. Qxb7 {[%clk 0:10:33]} Bxb7
{[%clk 0:11:37]} 26. Rxc8 {[%clk 0:08:32]} Rxc8 {[%clk 0:11:44]} 27. Rc1
{[%clk 0:08:39]} Bf8 {[%clk 0:11:53]} 28. Rxc8 {[%clk 0:08:19]} Bxc8
{[%clk 0:12:00]} 29. Kf1 {[%clk 0:08:18]} Ba6+ {[%clk 0:12:06]} 30. Ke1
{[%clk 0:08:27]} Bd3 {[%clk 0:12:10]} 31. Kd1 {[%clk 0:08:00]} Ba3
{[%clk 0:11:48]} 32. Bc3 {[%clk 0:07:53]} Bf1 {[%clk 0:11:10]} 33. Ne1
{[%clk 0:07:47]} g5 {[%clk 0:10:39]} 34. Kc2 {[%clk 0:07:10]} Kg7
{[%clk 0:08:50]} 35. Kd2 {[%clk 0:06:13]} Be7 {[%clk 0:07:34]} 36. Ke3
{[%clk 0:05:33]} Kg6 {[%clk 0:07:37]} 37. f3 {[%clk 0:03:43]} h5 {[%clk 0:06:11]}
38. Kf2 {[%clk 0:03:11]} Ba6 {[%clk 0:06:19]} 39. Ke3 {[%clk 0:02:54]} h4
{[%clk 0:05:42]} 40. Bd2 {[%clk 0:01:14]} Ba3 {[%clk 0:05:37]} 41. Nc2
{[%clk 0:00:39]} Bb2 {[%clk 0:05:37]} 42. b4 {[%clk 0:00:47]} axb4
{[%clk 0:04:53]} 43. Bxb4 {[%clk 0:00:39]} Bf1 {[%clk 0:04:51]} 44. Ne1
{[%clk 0:00:28]} f6 {[%clk 0:04:34]} 45. Bd6 {[%clk 0:00:12]} Bc3
{[%clk 0:04:27]} 46. Kf2 {[%clk 0:00:15]} Bc4 {[%clk 0:04:19]} 47. Nc2
{[%clk 0:00:16]} Bb3 {[%clk 0:04:22]} 48. Ne3 {[%clk 0:00:22]} Bxd4
{[%clk 0:04:27]} 49. exf6 {[%clk 0:00:27]} Kxf6 {[%clk 0:04:26]} 50. Ke2
{[%clk 0:00:24]} Bxa4 {[%clk 0:04:33]} 51. Ng4+ {[%clk 0:00:28]} Kf5
{[%clk 0:04:29]} 52. Nh6+ {[%clk 0:00:24]} Kg6 {[%clk 0:04:35]} 53. Ng8
{[%clk 0:00:32]} Bb5+ {[%clk 0:04:42]} 54. Ke1 {[%clk 0:00:41]} Bc5
{[%clk 0:04:35]} 55. Ne7+ {[%clk 0:00:31]} Kf7 {[%clk 0:04:40]} 56. Nc8
{[%clk 0:00:38]} Bd7 {[%clk 0:04:28]} 57. Bxc5 {[%clk 0:00:37]} bxc5
{[%clk 0:04:37]} 58. Nd6+ {[%clk 0:00:41]} Ke7 {[%clk 0:04:44]} 59. Nb7
{[%clk 0:00:49]} c4 {[%clk 0:04:50]} 60. Kd2 {[%clk 0:00:54]} Bc6
{[%clk 0:04:51]} 61. Nc5 {[%clk 0:00:54]} Kd6 {[%clk 0:04:59]} 62. Na6
{[%clk 0:00:59]} d4 {[%clk 0:04:56]} 63. Nb4 {[%clk 0:00:55]} e5 {[%clk 0:04:57]}
64. Ke2 {[%clk 0:00:51]} Bb5 {[%clk 0:04:59]} 65. Ke1 {[%clk 0:00:52]} Kc5
{[%clk 0:05:05]} 66. Nc2 {[%clk 0:01:00]} c3 {[%clk 0:05:11]} 67. Kf2
{[%clk 0:01:01]} d3 {[%clk 0:05:06]} 68. Na1 {[%clk 0:01:01]} c2 {[%clk 0:05:13]}
69. Ke3 {[%clk 0:01:07]} c1=Q+ {[%clk 0:05:17]} 70. Ke4 {[%clk 0:01:16]} Qxa1
{[%clk 0:05:14]} 71. Kf5 {[%clk 0:01:22]} d2 {[%clk 0:05:20]} 0-1

[Event "euyr2018"]
[Site "?"]
[Date "2018.05.27"]
[Round "9.17"]
[White "Popovic, Martin"]
[Black "Mica, Marek"]
[Result "1-0"]
[BlackElo "1801"]
[WhiteElo "1537"]
[LiveChessVersion "1.4.8"]

1. e4 {[%clk 0:20:18]} c6 {[%clk 0:20:18]} 2. d4 {[%clk 0:20:22]} d5
{[%clk 0:20:27]} 3. Nc3 {[%clk 0:20:27]} dxe4 {[%clk 0:20:34]} 4. Nxe4
{[%clk 0:20:36]} Nd7 {[%clk 0:20:42]} 5. Ng5 {[%clk 0:20:36]} Ngf6
{[%clk 0:20:47]} 6. N1f3 {[%clk 0:20:42]} e6 {[%clk 0:20:43]} 7. Bd3
{[%clk 0:20:50]} h6 {[%clk 0:20:45]} 8. Nxe6 {[%clk 0:20:58]} fxe6
{[%clk 0:20:49]} 9. Bg6+ {[%clk 0:21:06]} Ke7 {[%clk 0:20:54]} 10. Bf4
{[%clk 0:21:15]} Qa5+ {[%clk 0:20:15]} 11. c3 {[%clk 0:21:24]} Nd5
{[%clk 0:19:56]} 12. Bg3 {[%clk 0:21:32]} N7f6 {[%clk 0:19:24]} 13. O-O
{[%clk 0:21:13]} Qb5 {[%clk 0:16:01]} 14. Qd2 {[%clk 0:16:31]} Nb6
{[%clk 0:15:52]} 15. Qf4 {[%clk 0:16:08]} e5 {[%clk 0:12:50]} 16. dxe5
{[%clk 0:15:09]} Nfd5 {[%clk 0:11:44]} 17. Qf7+ {[%clk 0:15:07]} Kd8
{[%clk 0:11:53]} 18. Qe8+ {[%clk 0:10:19]} Kc7 {[%clk 0:12:02]} 19. e6+
{[%clk 0:10:10]} Bd6 {[%clk 0:12:11]} 20. Qxh8 {[%clk 0:09:28]} Bxg3
{[%clk 0:12:17]} 21. Qxg7+ {[%clk 0:09:31]} Kd6 {[%clk 0:12:25]} 22. hxg3
{[%clk 0:09:32]} Bxe6 {[%clk 0:12:33]} 23. Qe5+ {[%clk 0:09:27]} Kd7
{[%clk 0:12:41]} 24. Nd4 {[%clk 0:09:31]} Qxb2 25. Qxe6+ {[%clk 0:09:30]} Kc7
{[%clk 0:12:29]} 26. Qe5+ {[%clk 0:09:26]} Kd7 {[%clk 0:12:33]} 27. Bf5+
{[%clk 0:09:33]} Kd8 {[%clk 0:12:41]} 28. Qd6+ {[%clk 0:09:37]} Ke8
{[%clk 0:12:45]} 29. Bg6# {[%clk 0:09:41]} 1-0

[Event "euyr2018"]
[Site "?"]
[Date "2018.05.27"]
[Round "9.18"]
[White "Sobek, Michal"]
[Black "Korenova, Simona"]
[Result "1-0"]
[BlackElo "1525"]
[WhiteElo "1830"]
[LiveChessVersion "1.4.8"]

1. e4 {[%clk 0:20:17]} c5 {[%clk 0:20:19]} 2. Nf3 {[%clk 0:20:25]} d6
{[%clk 0:20:29]} 3. d4 {[%clk 0:20:33]} cxd4 {[%clk 0:20:37]} 4. Nxd4
{[%clk 0:20:43]} Nf6 {[%clk 0:20:45]} 5. Nc3 {[%clk 0:20:48]} g6 {[%clk 0:20:54]}
6. Bc4 {[%clk 0:20:25]} Bg7 {[%clk 0:21:03]} 7. O-O {[%clk 0:20:00]} O-O
{[%clk 0:21:10]} 8. h3 {[%clk 0:20:08]} Bd7 {[%clk 0:21:17]} 9. Be3
{[%clk 0:20:10]} Nc6 {[%clk 0:21:26]} 10. f4 {[%clk 0:20:04]} Rc8
{[%clk 0:21:28]} 11. Bb3 {[%clk 0:20:06]} a6 {[%clk 0:20:57]} 12. g4
{[%clk 0:19:28]} b5 {[%clk 0:20:43]} 13. g5 {[%clk 0:19:18]} Nh5 {[%clk 0:20:33]}
14. f5 {[%clk 0:18:30]} Qb6 {[%clk 0:18:30]} 15. Nd5 {[%clk 0:18:34]} Qd8
{[%clk 0:17:24]} 16. f6 {[%clk 0:16:51]} exf6 {[%clk 0:16:33]} 17. gxf6
{[%clk 0:17:00]} Nxf6 {[%clk 0:11:51]} 18. Bg5 {[%clk 0:17:05]} Nxd4
{[%clk 0:06:26]} 19. Nxf6+ {[%clk 0:17:00]} Bxf6 {[%clk 0:06:20]} 20. Bxf6
{[%clk 0:17:02]} Qc7 {[%clk 0:05:25]} 21. Qxd4 {[%clk 0:16:10]} Bxh3
{[%clk 0:05:17]} 22. Rf4 {[%clk 0:15:03]} d5 {[%clk 0:04:12]} 23. e5
{[%clk 0:14:58]} a5 {[%clk 0:03:50]} 24. Rh4 {[%clk 0:14:49]} Qd7
{[%clk 0:01:03]} 25. Rxh7 {[%clk 0:14:48]} 1-0